00637cam a22002171 45000010005000000030008000050050017000130080039000300350018000690350019000870400034001060410008001400820021001481000039001692450066002082600032002743000024003065040030003306500027003607000032003876919BD-RjUL20211208234335.0140112s1964 gw b 000 0 eng a(BD-RjUL)6961 a(OCoLC)1907074 aDLCcFMUdOCoLCdBD-RjULbeng aeng a513.83bCOD 19641 aConner, P. E.q(Pierre E.),d1932-10aDifferentiable periodic maps /cP. E. Conner and E. E. Floyd. aBerlin :bSpringer,cc1964. avii, 148 p.c24 cm. aBibliography: p. 146-148. 0aDifferential topology.1 aFloyd, E. E.ejoint author.